Animals by Letter and Picture-J - Statistics

General Stats
  • This quiz has been taken 58 times
  • The average score is 5 of 9
Answer Stats
Picture Answer % Correct
Jaguar
98%
Jellyfish
95%
Jackrabbit
83%
Jackal
80%
Jay
80%
Jumping Spider
43%
Jabiru
13%
Junco
13%
Jacana
10%
No matching quizzes found
Score Distribution
Percent of People with Each Score
Percentile by Number Answered
Your Score History
You have not taken this quiz